000 00441nam a2200169Ia 4500
008 230718s9999 xx 000 0 und d
041 _aeng
082 _a510.620
_bO'N
100 _aO'Neil P.V.
245 _aAdvanced Engineering Mathematics
250 _a5th ed.
260 _c2003
_bThomson Publication
300 _a1210
365 _cRs.
_b529.10
700 _aO'Neil P.V.
906 _dB:4193/23.07.200429-Aug-2005
_cMATHS
_b105.82
999 _c308039
_d308039